| 000 | 00628nam a2200241Ia 4500 | ||
|---|---|---|---|
| 003 | OSt | ||
| 005 | 20230527095249.0 | ||
| 008 | 210423s2000 xx 000 0 und d | ||
| 020 | _a817043114 | ||
| 040 | _cAL | ||
| 041 | _aeng | ||
| 082 |
_a361 CHOS _223 |
||
| 100 |
_aCHOWDHRY (D Paul) _9115130 |
||
| 245 | _aSocial welfare administration | ||
| 250 | _a4 | ||
| 260 |
_bAtma ram and sons _c2000 |
||
| 300 |
_a1,311 _bHB |
||
| 365 |
_b225 _cINR |
||
| 650 |
_aSocial Problems & Services _9115131 |
||
| 650 |
_aSocial Problems & Social Welfare _9115132 |
||
| 906 | _aadministration ; Social ; welfare | ||
| 942 |
_2ddc _cBK |
||
| 999 |
_c173471 _d173471 |
||